| 000 | 01281 a2200229 4500 | ||
|---|---|---|---|
| 003 | MN-UlNLM | ||
| 005 | 20220509102006.0 | ||
| 008 | a130t2006 mp ||||| |||| 00| 0 mon d | ||
| 040 | _aМонгол Улсын Үндэсний номын сан | ||
| 084 |
_a78.5ц _2NNA _bМ 692 _q7 |
||
| 110 | _aСтандартчилал, хэмжил зүйн үндэсний төв | ||
| 245 | 1 |
_aМонгол улсын стандарт _b MNS 5639:2006 _bНотны хэвлэлийн номзүйн бичилт |
|
| 260 | 0 |
_c2006 _aУБ |
|
| 300 | _a22х | ||
| 504 | _aХ.21 | ||
| 546 | _aMongolia | ||
| 653 |
_aСоёл шинжлэх ухаан боловсрол _aНомзүй _aНомзүй судлал |
||
| 740 |
_aӨмнөх үг. _aХамрах хүрээ. _aНорматив ишлэл. _aНэр томьёо. _aНийтлэг шаардлага. _aНэг ба олон ботит нотны хэвлэлийн номзүйн бичилт. _aЦуврал нотны хэвлэлийн номзүйн бичилт. _aНотны хэвлэлийн задлаг номзүйн бичилт. _aНотны хэвлэлийн ном, өгүүллийн жагсаалт гаргах ба номзүйн эшлэл хиих. |
||
| 856 | _aprintbook | ||
| 942 | _cBK | ||
| 999 |
_c43606 _d43606 |
||